|
|
|
|
| LEADER |
00000cam a2200000 7i4500 |
| 001 |
0000006643 |
| 005 |
20071008093000.0 |
| 008 |
021119s1977 |
| 090 |
0 |
0 |
|a BP163
|b .A22
|
| 100 |
0 |
|
|a عبد الرحيم, قطب الدين ,
|e author
|
| 245 |
0 |
0 |
|a Ajaran Syah Waliyullah
|c Qutb-ud-din Abdul Rahim
|f diterjemahkan oleh Abdul Majid bin Haji Khatib
|
| 260 |
2 |
|
|a Kota Bharu :
|b Pustaka Aman Press ,
|c 1977
|
| 300 |
|
|
|a 241 ms. ;
|c 19 sm.
|
| 600 |
0 |
0 |
|a Shah Waliyullah
|
| 650 |
|
0 |
|a Islam
|x Doctrines
|
| 700 |
0 |
|
|a Abdul Majid Haji Khatib ,
|e author
|
| 999 |
|
|
|a 1000004828
|b Book
|c OPEN SHELF (30 DAYS)
|e Gong Badak Campus
|